Profesion de fe del siglo XIX / (Record no. 161635)

MARC details
000 -LEADER
campo de control de longitud fija 00585nam a22001815i 4500
001 - NÚMERO DE CONTROL
campo de control 161635
003 - IDENTIFICADOR DE NÚMERO DE CONTROL
campo de control ES-MaACL
005 - FECHA Y HORA DE LA ÚLTIMA TRANSACCIÓN
campo de control 20230906212328.0
008 - DATOS DE LONGITUD FIJA--INFORMACIÓN GENERAL
campo de control de longitud fija 950206s1867 sp |||| | spa d
040 ## - FUENTE DE CATALOGACIÓN
Centro catalogador/agencia de origen AR
Lengua de catalogación spa
Centro/agencia transcriptor CCPB | PA2
100 1# - ENTRADA PRINCIPAL--NOMBRE DE PERSONA
Nombre de persona Pelletan, Eugène.
9 (RLIN) 223510
245 10 - MENCIÓN DEL TÍTULO
Título Profesion de fe del siglo XIX /
Mención de responsabilidad, etc. Eugenio Pelletan ; traduccion de Diodoro Tejada.
260 ## - PUBLICACIÓN, DISTRIBUCIÓN, ETC.
Lugar de publicación, distribución, etc. Madrid :
Nombre del editor, distribuidor, etc. Librería de Alfonso Duran,
Fecha de publicación, distribución, etc. 1867 (
Fabricante T. Fortanet)
300 ## - DESCRIPCIÓN FÍSICA
Extensión 419 p. ;
Dimensiones 19 cm.
594 #1 - Nota al título y mención de responsabilidad
Nota al título y mención de responsabilidad Traducido de la 6" ed.
852 ## - LOCALIZACIÓN
Ubicación ES-MaACL
Número de control de estantería G-10903
Nota libre -- Enc. tela
Holdings
Estatus retirado Estado de pérdida Estado de daño No para préstamo Colección Biblioteca de origen Biblioteca actual Ubicación en estantería Fecha de adquisición Fuente de adquisición Total de préstamos Signatura topográfica completa Código de barras Visto por última vez Precio de reemplazo Tipo de ítem Koha
        Libros del s. XIX Biblioteca del Ateneo de Madrid Biblioteca del Ateneo de Madrid Sala Pecera Planta 3 17/01/2008     G-10903 1169314 23/02/2023 23/02/2023 Libro impreso antiguo